Souběžná měna a problém černých cen

Salvato in:
Dettagli Bibliografici
Natura: Libro
Lingua:ceco
Pubblicazione: Praha Orbis 1948
Tags: Aggiungi Tag
Nessun Tag, puoi essere il primo ad aggiungerne!!

MARC

LEADER 00000nam a2200000 4500
001 0315457
005 20260317125945.1
041 0 |a cze 
044 |a CZ 
245 1 0 |a Souběžná měna a problém černých cen  |c Miloš Horna 
264 1 |a Praha  |b Orbis  |c 1948